Poetická Ľubovňa každým rokom zvyšuje úroveň

Bibliographic Details
Format: Article
Language:Slovak
ISSN:1335-7573
Subjects:

MARC

LEADER 00000nab a2200000 ar4500
001 vtls008934441
003 SK-MaSNL
005 20260303070609.0
008 070111c20060320xo dr|n|||||||000 b|slo
015 |a SLLK2006  |2 sllk 
038 |a SLLK 
040 |a SLLK  |b slo  |c sllk  |e AACR2 
041 0 |a slo 
044 |a xo  |c SK 
080 |a 821.162.4  |2 1997 
080 |a 06.063  |2 1997 
245 0 0 |a Poetická Ľubovňa každým rokom zvyšuje úroveň  |c [autor] (afo) 
610 2 7 |a Ľubovnianske osvetové stredisko (Stará Ľubovňa, Slovensko)  |x podujatia  |y 2006  |2 snkbucl  |9 1068235 
611 2 7 |a Poetická Ľubovňa  |n (14. :  |d 2006 :  |c Stará Ľubovňa, Slovensko)  |2 snkbucl  |9 1068236 
648 7 |a 2006  |2 snkbucl  |9 313148 
650 0 7 |a literárne súťaže  |z Stará Ľubovňa (Slovensko)  |x 2006  |2 snkbucl  |9 1067810 
651 7 |a Stará Ľubovňa (Slovensko)  |2 snkbucl  |9 19193 
773 0 |t Tatranský denník Korzár  |g Roč. VIII, č. 66 (20. 3.2006) s. 1  |x 1335-7573 
852 |a SLLK  |b KIS3GCP 
958 |a LX 
999 |c 1756063  |d 1757993